[Event "Oberliga Ost-A 2122"]
[Site "Germany"]
[Date "2022.06.19"]
[Round "5.7"]
[White "Heyme, Sibylle"]
[Black "Markus, Nico"]
[Result "1-0"]
[WhiteElo "2018"]
[BlackElo "1707"]
[PlyCount "105"]
[EventDate "2021.10.10"]
[EventType "team-tourn"]
[EventRounds "11"]
[EventCountry "GER"]
[SourceTitle "EXT 2023"]
[Source "ChessBase"]
[SourceDate "2022.10.05"]
[SourceVersion "1"]
[SourceVersionDate "2022.10.05"]
[SourceQuality "1"]
[WhiteTeam "Hoyerswerda"]
[BlackTeam "Sangerhausen"]
[WhiteTeamCountry "GER"]
[BlackTeamCountry "GER"]

1. e4 e5 2. Nf3 Nf6 3. Nc3 Nc6 4. d3 d6 5. g3 h6 6. Bg2 Be6 7. Be3 Be7 8. Qe2 Qd7 9. a3 0-0-0 10. 0-0-0 Kb8 11. h3 Qc8 12. d4 exd4 13. Nxd4 Nxd4 14. Bxd4 a6 15. f4 Ne8 16. Bf2 Bf6 17. Qe3 c5 18. e5 dxe5 19. Rxd8 Bxd8 20. Qxe5+ Qc7 21. Qxc5 Qxc5 22. Bxc5 Nc7 23. Rd1 Kc8 24. Ne4 Ne8 25. Bd4 b6 26. g4 f6 27. Be3 Bc7 28. Nc3 Nd6 29. Bxb6 Nb5 30. Bxc7 Nxc3 31. Re1 Bd5 32. Bxd5 Nxd5 33. Bd6 Rd8 34. c4 Rxd6 35. cxd5 Rxd5 36. Kc2 Rd7 37. Re4 Kc7 38. Kc3 Kb6 39. Rd4 Re7 40. Kd3 a5 41. Rc4 Re1 42. Rc3 Rh1 43. Ke4 g6 44. Kd5 g5 45. f5 Kb5 46. Ke6 Rb1 47. Kxf6 Rxb2 48. Kg7 a4 49. f6 Rb3 50. Rc8 Rxa3 51. f7 Rf3 52. f8Q Rxf8 53. Rxf8 1-0

[Event "BL2 Ost 1920 (Women)"]
[Site "Germany"]
[Date "2020.02.16"]
[Round "7.5"]
[White "Spangenberg, Pia"]
[Black "Heyme, Sibylle"]
[Result "1/2-1/2"]
[WhiteElo "1779"]
[BlackElo "2041"]
[PlyCount "41"]
[EventDate "2019.09.14"]
[EventType "team-tourn"]
[EventRounds "7"]
[EventCountry "GER"]
[SourceTitle "EXT 2021"]
[Source "ChessBase"]
[SourceDate "2020.10.23"]
[SourceVersion "1"]
[SourceVersionDate "2020.10.23"]
[SourceQuality "1"]
[WhiteTeam "Leipzig Lindenau (W)"]
[BlackTeam "Pankow Rotation (W)"]
[WhiteTeamCountry "GER"]
[BlackTeamCountry "GER"]

1. e4 d6 2. d4 Nf6 3. Nc3 g6 4. f4 Bg7 5. Nf3 c6 6. Bd3 0-0 7. 0-0 b5 8. Qe1 Nbd7 9. Qh4 b4 10. Ne2 Re8 11. e5 Nd5 12. f5 dxe5 13. fxg6 hxg6 14. Ng5 N5f6 15. Bc4 e6 16. Be3 c5 17. dxc5 Bb7 18. Bb5 Qc7 19. Rad1 Red8 20. Rxd7 Rxd7 21. Bxd7 1/2-1/2

[Event "BL 1819 (Women)"]
[Site "Germany"]
[Date "2019.01.13"]
[Round "6.5"]
[White "Heyme, Sibylle"]
[Black "Jelica, Mara"]
[Result "1/2-1/2"]
[WhiteElo "2029"]
[BlackElo "2162"]
[PlyCount "94"]
[EventDate "2018.10.27"]
[EventType "team-tourn"]
[EventRounds "11"]
[EventCountry "GER"]
[SourceTitle "CBM 188 Extra"]
[Source "ChessBase"]
[SourceDate "2019.02.26"]
[SourceVersion "1"]
[SourceVersionDate "2019.02.26"]
[SourceQuality "1"]
[WhiteTeam "Pankow Rotation (W)"]
[BlackTeam "Deizisau (W)"]
[WhiteTeamCountry "GER"]
[BlackTeamCountry "GER"]

1. e4 c5 2. Nc3 Nc6 3. b3 g6 4. Bb2 Bg7 5. f4 e6 6. Nf3 Nge7 7. g3 0-0 8. Bg2 d6 9. 0-0 Bd7 10. Qc1 Nd4 11. Kh1 Nec6 12. Nd1 Rc8 13. c3 Nxf3 14. Bxf3 e5 15. Ne3 exf4 16. gxf4 Qh4 17. Nd5 Be6 18. Qe1 Qh6 19. Qg3 Bxd5 20. exd5 Ne7 21. Rae1 Bf6 22. Re4 Nxd5 23. Ra4 Bh4 24. Qg4 Nf6 25. Qh3 d5 26. Rxa7 Qxf4 27. Bg2 Qg5 28. d4 Ne4 29. Bxe4 dxe4 30. Bc1 Qh5 31. dxc5 Rxc5 32. Ba3 e3 33. Qxe3 Re5 34. Qf3 Qxf3+ 35. Rxf3 Rd8 36. Rxb7 f5 37. c4 Re2 38. Rf1 Rdd2 39. Rb8+ Bd8 40. Rc1 Rxh2+ 41. Kg1 Rhe2 42. Bb4 Rg2+ 43. Kh1 Rh2+ 44. Kg1 Rdg2+ 45. Kf1 Rf2+ 46. Kg1 Rhg2+ 47. Kh1 Rh2+ 1/2-1/2

[Event "BL2 Ost 1718 (Women)"]
[Site "Germany"]
[Date "2018.01.27"]
[Round "4.4"]
[White "Beltz, Martina"]
[Black "Heyme, Sibylle"]
[Result "0-1"]
[WhiteElo "1966"]
[BlackElo "2011"]
[PlyCount "86"]
[EventDate "2017.10.14"]
[EventType "team-tourn"]
[EventRounds "7"]
[EventCountry "GER"]
[SourceTitle "EXT 2019"]
[Source "ChessBase"]
[SourceDate "2018.10.10"]
[SourceVersion "1"]
[SourceVersionDate "2018.10.10"]
[SourceQuality "1"]
[WhiteTeam "Leipzig SG (W)"]
[BlackTeam "Pankow Rotation (W)"]
[WhiteTeamCountry "GER"]
[BlackTeamCountry "GER"]

1. d4 Nf6 2. Nf3 g6 3. g3 Bg7 4. Bg2 d5 5. 0-0 0-0 6. b3 c6 7. Bb2 Nbd7 8. Nbd2 Re8 9. c4 e6 10. Rc1 a5 11. Re1 Ne4 12. Nxe4 dxe4 13. Nd2 f5 14. Qc2 Nb6 15. e3 Qe7 16. f3 exf3 17. Nxf3 a4 18. e4 axb3 19. axb3 Ra2 20. Ra1 Rxa1 21. Rxa1 Nd7 22. Re1 Qd8 23. e5 Qc7 24. Qd2 Qb6 25. Qe3 h6 26. h4 Kh7 27. Kh2 Qc7 28. Bc3 b6 29. b4 Bb7 30. c5 Ba6 31. Ra1 Nb8 32. Bf1 Bxf1 33. Rxf1 Na6 34. Nd2 bxc5 35. bxc5 Rb8 36. Nc4 Rb3 37. Qd2 Qe7 38. Nb6 Nxc5 39. dxc5 Qxc5 40. Bd4 Qb5 41. Qf2 c5 42. Rc1 cxd4 43. Nc4 Rc3 0-1

[Event "Oberliga Ost-A 1617"]
[Site "Germany"]
[Date "2017.03.19"]
[Round "8.7"]
[White "Heyme, Sibylle"]
[Black "Boehm, Christian"]
[Result "0-1"]
[WhiteElo "2036"]
[BlackElo "2018"]
[PlyCount "68"]
[EventDate "2016.10.16"]
[EventType "team-tourn"]
[EventRounds "11"]
[EventCountry "GER"]
[SourceTitle "EXT 2018"]
[Source "ChessBase"]
[SourceDate "2017.10.13"]
[SourceVersion "1"]
[SourceVersionDate "2017.10.13"]
[SourceQuality "1"]
[WhiteTeam "Hoyerswerda"]
[BlackTeam "Loeberitz"]
[WhiteTeamCountry "GER"]
[BlackTeamCountry "GER"]

1. e4 e5 2. Nc3 Nf6 3. g3 d5 4. exd5 Nxd5 5. Bg2 Nb6 6. Nf3 Nc6 7. d3 Be7 8. 0-0 0-0 9. Re1 f6 10. a3 a5 11. Bd2 Bg4 12. Qc1 Qd7 13. Be3 Rfe8 14. Rb1 Nd4 15. Bxd4 exd4 16. Ne2 c5 17. c3 Qf5 18. Nd2 Bf8 19. Be4 Qd7 20. Qc2 Be6 21. cxd4 cxd4 22. Nb3 Rac8 23. Qd1 Bg4 24. Nbxd4 Bc5 25. Nb3 a4 26. Nxc5 Rxc5 27. Qd2 Rxe4 28. b4 axb3 29. Rxb3 Re6 30. Qb4 Qd5 31. Nf4 Rxe1+ 32. Qxe1 Rc1 33. Qxc1 Qxb3 34. h3 Qd1+ 0-1

[Event "BL2 Ost 1415 (Women)"]
[Site "Germany"]
[Date "2015.03.29"]
[Round "7.4"]
[White "Heyme, Sibylle"]
[Black "Weise, Beatrix"]
[Result "1-0"]
[WhiteElo "2025"]
[BlackElo "1812"]
[PlyCount "97"]
[EventDate "2014.09.27"]
[EventType "team-tourn"]
[EventRounds "7"]
[EventCountry "GER"]
[SourceTitle "CBM 166 Extra"]
[Source "ChessBase"]
[SourceDate "2015.06.18"]
[SourceVersion "1"]
[SourceVersionDate "2015.06.18"]
[SourceQuality "1"]
[WhiteTeam "Berlin Rotation (W)"]
[BlackTeam "Loeberitz (W)"]
[WhiteTeamCountry "GER"]
[BlackTeamCountry "GER"]

1. e4 c5 2. Nf3 Nc6 3. Bb5 e6 4. 0-0 Qc7 5. c3 a6 6. Ba4 b5 7. Bc2 Nf6 8. d3 d5 9. Nbd2 dxe4 10. dxe4 Bd6 11. Re1 0-0 12. Qe2 e5 13. Nf1 Bb7 14. h3 Ne7 15. Ng3 c4 16. Nh4 Rad8 17. Nhf5 Nxf5 18. Nxf5 Bc5 19. Qf3 Bc8 20. Qg3 g6 21. b4 Be7 22. Nxe7+ Qxe7 23. a4 Nh5 24. Qf3 Ng7 25. axb5 axb5 26. Be3 Ne6 27. Ra5 Bd7 28. Qg3 f6 29. Ra7 Ra8 30. Rea1 Rxa7 31. Rxa7 Qd6 32. h4 Rd8 33. Qf3 Kg7 34. h5 g5 35. h6+ Kf7 36. Qf5 Rh8 37. Bxg5 Nf8 38. Be3 Kg8 39. Qf3 Qc6 40. Qd1 Kf7 41. Bc5 Ke8 42. Qa1 Ng6 43. Ra6 Qb7 44. Rb6 Qc7 45. Rxf6 Qc8 46. Qd1 Qb7 47. Qd6 Qa8 48. Rxg6 Qa1+ 49. Kh2 1-0

[Event "Oberliga Ost-A 1314"]
[Site "Germany"]
[Date "2014.02.23"]
[Round "8.6"]
[White "Heyme, Sibylle"]
[Black "Haessler, Wolfgang"]
[Result "1/2-1/2"]
[WhiteElo "2041"]
[BlackElo "2274"]
[PlyCount "26"]
[EventDate "2013.10.13"]
[EventType "team-tourn"]
[EventRounds "11"]
[EventCountry "GER"]
[SourceTitle "EXT 2015"]
[Source "ChessBase"]
[SourceDate "2014.11.20"]
[SourceVersion "1"]
[SourceVersionDate "2014.11.20"]
[SourceQuality "1"]
[WhiteTeam "Hoyerswerda"]
[BlackTeam "Aue Nickelhuette II"]
[WhiteTeamCountry "GER"]
[BlackTeamCountry "GER"]

1. e4 d6 2. d4 Nf6 3. Nc3 e5 4. dxe5 dxe5 5. Qxd8+ Kxd8 6. Bg5 c6 7. 0-0-0+ Ke8 8. f4 Nbd7 9. fxe5 Ng4 10. Nh3 Be7 11. Bxe7 Kxe7 12. e6 Kxe6 13. Be2 Nge5 1/2-1/2